| 000 | 05591cam a2200505 a 4500 | ||
|---|---|---|---|
| 001 | 15722368 | ||
| 003 | OSt | ||
| 005 | 20180116192414.0 | ||
| 008 | 090424s2009 gw ae 001 0 eng c | ||
| 010 | _a 2009412778 | ||
| 020 | _a9783037680056 (hd. bd.) | ||
| 020 | _a3037680059 (hd. bd.) | ||
| 020 | _a9783938780756 (hbk.) | ||
| 020 | _a3938780754 (hbk.) | ||
| 035 | _a(OCoLC)ocn317920466 | ||
| 040 |
_aOHX _beng _cOHX _dZCU _dIXA _dPUL _dGBVCP _dDEBBG _dUKM _dBTCTA _dBAKER _dOCL _dOMB _dDLC |
||
| 042 | _apcc | ||
| 050 | 0 | 0 |
_aNA6400 _b.U44 2009 |
| 082 | _a725 | ||
| 084 |
_aZH 6600 _2rvk |
||
| 084 |
_aARC 469f _2stub |
||
| 100 | 1 |
_aUffelen, Chris van. _96388 |
|
| 245 | 1 | 0 |
_aFactory design / _cChris van Uffelen ; [translation, Alice Bayandin]. |
| 250 | _a1st ed. | ||
| 260 |
_a[Berlin] : _bBraun, _cc2009. |
||
| 300 |
_a261 p. : _bill. (some col.), plans ; _c30 cm. |
||
| 500 | _aIncludes index. | ||
| 505 | 0 | _aHeavy industries : Longus Production Building / Bob Gysin + Partner ; Transparent Factory Dresden / Henn Architekten ; Logistics Center Blanco / Prof. J. Reichardt Architekten ; Schmitz Truck & Trailer Center / 4a architekti ; Printing Factory Slagelse / Søren Robert Lund Architects ; Modine Automotive / Prof. J. Reichardt ; Phiaro / N Maeda Atelier ; Factory 02-ship- / Ryuichi Ashizawa Architects & Associates ; Dogan Printing Center / Melkan Gursel & Murat Tabanlioglu ; Age Developments / Meyer Shircore and Associates Architects ; Ferrari Production Hall / MDN Marco Visconti & Partners, Maire Engineering ; Jot Automation Group Plc / Laatio Architects ; Capricorn Test Center / Gatermann + Schossig ; Inapal Metal Industrial Unit / Guedes+DeCampos ; Vestas / Arkitektfirmaet C.F. Møller ; Gerätewerk Matrei / ATP architects and engineers ; Gretsch-Unitas / kab Architekten ; Stämpfli AG / A. Furrer und Partner ; Printing Factory Munich / Amann Architekten ; Aplix Factory / Dominique Perrault architecture ; VSM Factory / Despang Architekten ; Ferrari Company Restaurant / MDN Marco Visconti & Partners, Maire Engineering ; ESTA / Gerken Architekten+Ingenieure ; MAN Assembly Plant / aib Architektur Generalplanung Projektmanagement ; McLaren Technology Centre / Foster + Partners ; Valeo Industrial Bay / RGA Arquitectes -- High-tech : Alpla / Architekturbüro Früh ; L'Oreal Factory / Valode et Pistre architectes ; Pinta Acoustic / Aigner Architecture ; Schiebel Group / project A.01 architects ; Faller Pharma Service Center / pfeifer roser kuhn architekten ; Hogy Medical Tsukuba Kit Plant / Nikken Sekkei ; T&O Stelectric / Arkitema Architects ; Steigereiland Ijburg / Group A ; Laser Machine Tool Factory / Barkow Leibinger Architekten ; Production Center Pfieffewiesen / Walter Nägeli, James Stirling, Michael Wilford ; Inotera Headquarters / tecDESIGN STUDIO Los Angeles, tecARCHITECTURE Swiss AG ; Solvis Zero Emissions Factory / Banz + Riecks ; Avon Cosmetics / APA Kurylowicz & Associates ; Elkamet / seifert.stoeckmann@formalhaut with Martin Häusle ; Solarfactory Sunfilm / IPRO Dresden Planungs- und Ingenieuraktiengesellschaft -- | |
| 505 | 0 | _aLow-tech : Vineyard Lackner-Tinnacher / Rolf Rauner architektur+werkstätte ; Vacheron Constantin Headquarters / Bernard Tschumi Architects ; Airport Catering Nantes / Manuelle Gautrand architecture ; Forestry Branch Marche-en-Famenne / Philippe Samyn and Partners, architects & engineers ; Wilkhahn Asia Pacific Factory / BVN Architecture ; Feuerstein Windows / Architekten.3P, Feuerstein Rüdenauer & Partner ; Aimer Lingerie Factory / crossboundaries architects ; Leather Goods Factory / Patrick Berger et Jacques Anziutti Architectes ; Tunacelik Factory / Melkan Gursel & Murat Tabanlioglu ; Nestlé Chocolate Factory Museum / Rojkind arquitectos ; Louis Vuitton / Sandrolini Architecte ; Micro-tech Plant Gals / Cuno Brullmann Jean-Luc Crochon + Associés ; Rexam / ATP Architects and Engineers ; Rooftecture U / Endo Shuhei Architect Institute ; Karcoma Fixtures / kab architekten ; Kinosaki Beer Factory GUBI-GABU / FOBA ; Multifunctional building / Architektur/Hansulrich Benz ; Fifth Town Artisan Cheese Factory / Lapointe Architects -- Storages, etc. : A12 Warehouse / Manuelle Gautrand architecture ; Writer Warehouse: Delhi ; Writer Warehouse: Mumbai ; Writer Warehouse: Chennai / Khanna Schultz ; Warehouse Campus expansion / Ehrlich Architects ; Re-Tem Corporation / O.F.D.A. ; Standard+ / b&k+brandlhuber & co ; Tour & Taxis / Archi 2000 ; Georg Knorr Industrial Park / J.S.K. Architekten ; Former Porcelain Factory Stadtlengsfeld / knabe&knabe architekten+ingenieure ; Business Circuit Nieuw Vennep Zuid / Group A. | |
| 650 | 0 |
_aFactories _vDesigns and plans. _96389 |
|
| 650 | 0 |
_aArchitecture, Industrial _vDesigns and plans. _96390 |
|
| 650 | 0 |
_aArchitecture, Modern _y20th century. _96391 |
|
| 650 | 0 |
_aArchitecture, Modern _y21st century. _96392 |
|
| 650 | 4 |
_aFabrikgebäude _vBildband. _96393 |
|
| 650 | 0 | 7 |
_aFabrikgebäude. _2swd _96394 |
| 655 | 7 |
_aBildband. _2swd _96736 |
|
| 655 | 4 |
_aBildband. _96737 |
|
| 856 | 4 | 1 |
_3Table of contents _uhttp://bvbr.bib-bvb.de:8991/F?func=service&doc_library=BVB01&doc_number=017447719&line_number=0001&func_code=DB_RECORDS&service_type=MEDIA |
| 856 | 4 |
_3Beschreibung für Leser _uhttp://deposit.d-nb.de/cgi-bin/dokserv?id=3232277&prov=M&dok_var=1&dok_ext=htm |
|
| 906 |
_a7 _bcbc _cpccadap _d3 _encip _f20 _gy-gencatlg |
||
| 942 |
_2ddc _cBK |
||
| 999 |
_c353663 _d353663 |
||